000 00609nam a2200205 a 4500
003 OSt
005 20151022183008.0
008 020226s1984 esp 0001 spa d
020 _a84-320-5571-9
040 _cBMC
082 _a863
100 1 _aGonzález Ledesma, Francisco
_936558
_d1927-2015
245 1 0 _aCrónica sentimental en rojo
_b: novela
_cFrancisco González Ledesma
250 _a1ª ed
260 _aBarcelona
_bPlaneta
_c1984
300 _a282 p.
_c19 cm
490 0 _aAutores Españoles e Hispanoamericanos
500 _aEn la cub.: Premio Planeta 1984
650 2 4 _929289
_aNovela española
999 _c22717
_d22717